000
00220nam a22000857a 4500
008
170130b xxu||||| |||| 00| 0 eng d
100
_9
2634
_a
Chatterjee.P.K
245
_a
Work Book Gold mani-III
260
_a
New Dehil
_b
JBI
_c
2011
999
_c
5778
_d
5778